000
00316nam a2200133Ia 4500
005
20260328104307.0
008
260328s9999||||xx |||||||||||||| ||und||
100
_a
Chueca, Pilar
245
0
_a
Tiendas Top Shops /
_c
Pilar Chueca
260
_b
Links
300
_a
226 p.
650
_a
DISEÑO Y PLANOS
942
_c
BK
999
_c
10807
_d
10807